| 000 | 01242nam a22003371 4500 | ||
|---|---|---|---|
| 001 | 191411 | ||
| 003 | SpMaBN | ||
| 005 | 20240226125146.0 | ||
| 008 | 220922s1973 gw spa | ||
| 016 | 7 |
_abimoBNE20000256373 _zIND9900837824 [ _2SpMaBN] |
|
| 017 |
_aM 10681-1973 _bOficina Depósito Legal Madrid |
||
| 020 | _a84-266-7711-8 | ||
| 035 | _a(OCoLC)432758454 | ||
| 040 |
_aSpMaBN _bspa _cCDM |
||
| 080 | _a803-6=60 | ||
| 080 | _a806-3=30 | ||
| 100 | 1 |
_aSchoen, Th. _0XX960745 _9104607 |
|
| 245 | 1 | 0 | _aDiccionario moderno Langenscheidt de los idiomas alemán y español. |
| 250 | _a6ª ed. | ||
| 260 |
_aBerlín : _bLangenscheidt, _c1977. |
||
| 300 |
_a1024 p. ; _c19 cm. |
||
| 505 | 0 | _aPrimera parte. Español-Alemán / por Th. Schoen y T. Noeli ; refundición por Dr. Hermann Willers [Segunda parte. Alemán-Español / por Fr. Wiske y T. Noeli] | |
| 650 | 0 | 7 |
_aLengua alemana- _vDiccionarios- _xEspañol. _914082 |
| 650 | 0 | 7 |
_aLengua española- _vDiccionarios- _xAlemán. _914138 |
| 700 | 1 |
_aNoeli, T. _985831 |
|
| 700 | 1 |
_aWiske, Friedrich. _9174711 |
|
| 700 | 1 |
_aWillers, Hermann. _9116896 |
|
| 852 |
_aES-MaACL _jA-15247 _9198611 _cDEPO1 _dOlim: DIC-L 134.2=112.2 dic |
||
| 942 | _2udc | ||
| 999 |
_c191411 _d191411 |
||